| 000 | 00388nam a22001577a 4500 | ||
|---|---|---|---|
| 003 | SGT | ||
| 020 | _a97852706921 | ||
| 082 |
_a612 _bE21S |
||
| 100 | _aSEMBULINGAM,K. | ||
| 245 | _aESSENTIALS OF MEDICAL PHYSIOLOGY | ||
| 250 | _a8TH | ||
| 260 |
_aNEW DELHI _bJAYPEE PUB _c2021 |
||
| 300 | _a1162 | ||
| 650 | _aPHYSIOLOGY, ESSENTIALS PHYSIOLOGY, MEDICAL PHYSIOLOGY | ||
| 942 |
_2ddc _cBK _045 |
||
| 999 |
_c22865 _d22865 |
||